{"text_format":"3","workbook":"xlsx","n_sheets":2,"sheets":["1","Лист1"],"not_rendered":{"defined_names":2},"read":"whole","date_system":"1900"}

{"sheet":"1","index":0,"n_rows":79,"n_cols":21,"rows_kept":79,"merged":[[5,0,5,17],[7,0,9,0],[7,1,9,1],[7,2,9,2],[7,3,9,3],[7,4,9,4],[7,5,7,6],[7,7,7,8],[7,9,7,20],[8,5,9,5],[8,6,9,6],[8,7,9,7],[8,8,9,8],[8,9,8,14],[8,15,8,20],[55,2,57,2],[71,0,71,17],[81,15,81,16],[83,15,83,16],[84,15,84,16]]}
["Приложение 1 к Документации Процедуры закупки № з-13-50104/64"]
[]
["Форма \"Предложение о цене Договора\""]
[]
["Приложение № ___ к Заявке"]
["Предложение о цене Договора с графиком финансирования"]
[]
["№ п/п","Этап","Наименование работ\n (согласно приложению 2 настоящего Договора)","Ед. изм.","Объем","Начальная (максимальная) цена Заказчика",null,"Предложение Участника Процедуры закупки",null,"Стоимость работ с НДС, тыс. руб."]
[{"$nulls":5},"Цена за ед., с НДС, тыс. руб.","Стоимость с НДС, тыс. руб.","Цена за ед., с НДС, тыс. руб.","Стоимость с НДС, тыс. руб.","2013 г.",{"$nulls":5},"2014 г."]
[{"$nulls":9},"июль","август","сентябрь","октябрь","ноябрь","декабрь","январь","февраль","март","апрель ","май","июнь"]
[1,2,3,4,5,6,7,8,9,10,11,12,13,14,15,14,15,16,17,18,19]
["1",null,"ДОЖДЕВАЯ  КАНАЛИЗАЦИЯ",{"$nulls":3},{"v":265891.28,"d":"265,891.28"}]
["1.1.","2-ой","Прокладка труб полипропиленовых \"Корсис Про\" Ф500/427(L=313,5м), Ф630/535 (L=1775,5м, в.т.ч. AVN из ж/б труб 104м, ж.б. обойма 8,5м.), Ф800/678 (L=292,5м)","м",{"$f":"300.5+1788+292.5","v":{"v":2381,"d":"2,381.00"}},51.76,{"v":123240.56,"d":"123,240.56"}]
[null,"3-ий","Прокладка труб полипропиленовых \"Корсис Про\" Ф500/427(L=498,5м), Ф630/535 (L=795м, в.т.ч.  ж.б. обойма 6м.), Ф800/678 (L=563,5м), трубы ж.б. Ф1000мм  (L=31,5)","м",{"v":0,"d":"0.00"},{"$error":"#DIV/0!"},{"v":123240.56,"d":"123,240.56"}]
[null,"4-ый","Прокладка труб полипропиленовых \"Корсис Про\" Ф250/216 (L=144м), Ф500/427(L=425,5м, в т.ч. ст.ф-р 630х8 L=26,5), Ф630/535 (L=940м), 2Ф630/535 (L=6*, в т.ч. Ж.б.обойма 6м), Ф800/678 (L=158м), Ф1000/851 (L=1456м, в т.ч. Ж.б.обойма 8,5м), Ф1200/1030  (L=39,5)","м",{"v":0,"d":"0.00"},{"$error":"#DIV/0!"},{"v":123240.56,"d":"123,240.56"}]
["1.2.","9-ый","Прокладка труб полипропиленовых \"Корсис Про\" Ф500/527(L=917м), 630/535 (L=1354м), 800/678 (L=563,5м), 820 ст. труба (L=38м), Ф1200/1030  (L=630м), Ф1774/1600 (L=127м), ж/б труба д.800 мм (L=40м)","м",{"v":3669,"d":"3,669.00"},38.88,{"v":142650.72,"d":"142,650.72"},{"$nulls":3}," "]
["2",null,"ВОДОПРОВОД",{"$nulls":3},{"v":291137.39,"d":"291,137.39"}]
["2.1.","2-ой","Прокладка труб чугунных , Ф250 (L=441,5м.), Ф300 (L=1980,5м.), Ф400 (L=154м.) в том числе оборудование","м",{"v":2576,"d":"2,576.00"},31.01,{"v":79881.76,"d":"79,881.76"}]
["2.2.","9-ый","Прокладка труб чугунных Ф200(L=920м.), Ф250 (L=3675,5м.), Ф300 (L=1667м.), Ф400 (L=550м) в том числе оборудование","м",{"$f":"920+3675.5+1667+550","v":{"v":6812.5,"d":"6,812.50"}},31.01,{"v":211255.63,"d":"211,255.63"}]
["3",null,"КАНАЛИЗАЦИЯ",{"$nulls":3},{"v":271124.36,"d":"271,124.36"}]
["3.1.","2-ой","Прокладка труб чугунных ВЧШГ Ф200(L=1251м, в т.ч. Ж.б.обойма ВхН 500х550мм L=51), Ф300 (L=1122м, в.т.ч. микротоннель из ж/б труб AVN 600 L= 103/1 м/шт., ж.б. обойма ВхН 620х720мм. L=22м., ст.ф-р Ф630х8  L=16/2 м/шт.), Ф600 (L=211м)","м",{"v":2546,"d":"2,546.00"},59.41,{"v":151257.86,"d":"151,257.86"}]
[null,"3-ий","Прокладка труб чугунных ВЧШГ Ф200(L=224,5м, в т.ч. ж.б.обойма L=169м), Ф300 (L=174,5м.)","м",{"v":0,"d":"0.00"},{"$error":"#DIV/0!"},{"v":151257.86,"d":"151,257.86"}]
[null,"4-ый","Прокладка труб чугунных ВЧШГ Ф200(L=1694,0м.), Ф300 (L=221м.)","м",{"v":0,"d":"0.00"},{"$error":"#DIV/0!"},{"v":151257.86,"d":"151,257.86"}]
["3.2.","9-ый","Прокладка труб чугунных ВЧШГ Ф200(L=685м.), Ф300 (L=425м.), Ф500 (L=300м, в т.ч. ;ж.б.обойма AVN 800, микротоннель из ж.б.труб 100), Ф600 (L=150м.), 2Ф400 (L2х420)","м",{"$f":"685+425+300+150+840","v":{"v":2400,"d":"2,400.00"}},39.18,{"v":94032,"d":"94,032.00"}]
["3.3.","9-ый","Прокладка труб чугунных ВЧШГ Ф400 (L=450м., в.т.ч. микротоннель из ж/б труб AVN 800 L= 250м.)","м",{"v":450,"d":"450.00"},57.41,{"v":25834.5,"d":"25,834.50"}]
["4",null,"ВОДООТЛИВ",{"$nulls":3},{"v":1155,"d":"1,155.00"}]
["4.1.","2-ой","Устройство зумпфов из труб ПЭ-80 Ф 1020мм L=37,5м, монтаж  демонтаж трубопроводов  из труб ПЭ-80 Ф300мм L=3500м","м",{"v":3500,"d":"3,500.00"},0.33,{"v":1155,"d":"1,155.00"}]
["5",null,"ТЕПЛОВАЯ  СЕТЬ",{"$nulls":3},{"v":126134.2,"d":"126,134.20"}]
["5.1.","2-ой","Подземная прокладка теплопроводов в ППУ изоляции Ф325х8/450 L=345м, Ф273х8/400 L=756, Ф219х8/315 L=1038м., Ф159х5/250 L=1009м, Ф133х5/225 L=593м., Ф89х4/160 L=13м., Прокладка футляров: Ф219х7 L=18м, Ф273х7 L=54м, Ф325х7 L=18м., Ф426х7 L=73м.     в том числе оборудование","м",{"$f":"172.5+369.5+519+513.5+296.5+6.5","v":{"v":1877.5,"d":"1,877.50"}},43.27,{"v":81239.43,"d":"81,239.43"}]
[null,"3-ий","Подземная прокладка теплопроводов в ППУ изоляции типа ПЭ 2Ф273х8/400 L=353,5, 2Ф219х8/315 L=169,5м., 2Ф108х5/180 L=105,5м.","м",{"v":0,"d":"0.00"},{"v":0,"d":"0.00"},{"v":0,"d":"0.00"}]
[null,"4-ый","Подземная прокладка теплопроводов в ППУ изоляции типа ПЭ 2Ф273х8/400 L=333,5, 2Ф219х8/315 L=227,5м., 2Ф159х5/250 L=132м., 2Ф108х5/180 L=11,5м.","м",{"v":0,"d":"0.00"},{"v":0,"d":"0.00"},{"v":0,"d":"0.00"}]
["5.2.","9-ый ","Подземная прокладка теплопроводов в ППУ изоляции 2Ф820х10/1000 L=336 м, 2Ф325х8/450 L=89м., 2Ф273х8/400 L=41м, 2Ф219х8/315 L=244м., 2Ф159х5/250 L=175м, 2Ф133х5/255 L=161м, 2Ф57х4/125 L=40,5 м, стальные футляры для перспективной прокладки труб под  дорогой L=36, монолитный полупроходной канал L=22м, водовыпуск на теплосети ж/б труба д.400 L=75м, чугунная труба д.200 L=100,5м, электрощитовая 4100х4500х3700, узел учета 22000х51000х3700 Ф800,  в том числе оборудование:","м",{"v":1086.5,"d":"1,086.50"},34.69,{"v":37690.69,"d":"37,690.69"}]
["5.2.","9-ый ","Электрощитовая 4100х4500х3700 \nУзел учета 22000х51000х3700 Ф800, \n в том числе оборудование:","м2",{"v":130.7,"d":"130.70"},26.68,{"v":3487.08,"d":"3,487.08"}]
["5.3","9-ый этап","Теплосеть 2Ф300 (у коллектора в траншее) (L=300 м)","м",{"v":300,"d":"300.00"},12.39,{"v":3717,"d":"3,717.00"}]
["6",null,"СЕТИ  СВЯЗИ.",{"$nulls":3},{"v":26584.95,"d":"26,584.95"}]
["6.1.","2-ой","1отв. L=200м, 9отв. L=650м., 12отв. L=340м., 24отв. L=1670м., колодцы ККС 73 шт.","м",{"v":2860,"d":"2,860.00"},6.79,{"v":19419.4,"d":"19,419.40"}]
[null,"3-ий","1отв. L=150м, 4отв. L=18м., 6отв. L=644м., 24отв. L=1380м.","м",{"v":0,"d":"0.00"},{"$error":"#DIV/0!"},{"v":19419.4,"d":"19,419.40"}]
[null,"4-ый","1отв. L=100м, 2отв. L=60м., 4отв. L=50м., 6отв. L=624м., 9отв. L=400м., 24отв. L=400м.","м",{"v":0,"d":"0.00"},{"$error":"#DIV/0!"},{"v":19419.4,"d":"19,419.40"}]
["6.2.","9-ый","Труба гофрированная полдиэтиленовая д.110 мм (L=19224м), труба гофрированная д.50 мм (L=250м), ККСр-4 - 19 шт, ККСр-3 - 68 шт","м",{"v":811.5,"d":"811.50"},8.83,{"v":7165.55,"d":"7,165.55"}]
["7",null,"НАРУЖНОЕ  ОСВЕЩЕНИЕ.",{"$nulls":3},{"v":37980.48,"d":"37,980.48"}]
["7.1.","1-я фаза, 2-ой этап","Установка фланцевых опор НФГ-11,5 = 85 шт., светильник ДКУ02-240-02 = 69 шт. , ДКУ02-40-01 = 69 шт.и ДКУ02-120-01 = 16шт. Кабель марки ВБбШв  4х25 - 1кВ L= 3 180м. ;ПВС 3х1,5 = 2004м","м",{"v":5184,"d":"5,184.00"},3.47,{"v":17988.48,"d":"17,988.48"}]
[{"$nulls":3},"м",null,null,{"v":0,"d":"0.00"}]
[{"$nulls":3},"м",null,null,{"v":0,"d":"0.00"}]
["7.2.","1-я фаза, 9-ый этап","Установка фланцевых опор НФГ-9,0-2,0-ц = 130 шт., светильник ДКУ02-240-07 = 130 шт. и ДКУ02-40-7 = 100шт. Кабель марки ВБбШв 4х25 - 1кВ L= 4200 м. ","м",{"v":4200,"d":"4,200.00"},4.76,{"v":19992,"d":"19,992.00"}]
[]
["8",null,"ДОРОГА.",{"$nulls":3},{"v":403104.94,"d":"403,104.94"}]
["8.1.","1-я фаза, 2-ой этап","Разборка сущ.покрытия 7150м2, устройство а/б покрытия 24950м2, устройство велосипедной дорожки 5710м2, устройство тротуара 14045м2, БР100.30.10=3250м, БР300.60.20=3000м","км",{"v":2.7,"d":"2.70"},{"v":54473.64,"d":"54,473.64"},{"v":147078.83,"d":"147,078.83"}]
[null,"1-я фаза, 3-ий этап","L=1,9км.","км",{"v":0,"d":"0.00"},{"v":54473.64,"d":"54,473.64"},{"v":0,"d":"0.00"}]
[null,"1-я фаза, 4-ый этап","L=2,7км.","км",{"v":0,"d":"0.00"},{"v":54473.64,"d":"54,473.64"},{"v":0,"d":"0.00"}]
["8.2.","9-ый этап","Транспортная развязка в одном уровне L=1,2 км","км",{"v":1.2,"d":"1.20"},{"v":54473.64,"d":"54,473.64"},{"v":65368.37,"d":"65,368.37"}]
["8.3.","9-ый","Автодорога L= 3,5 км.","км",{"v":3.5,"d":"3.50"},{"v":54473.64,"d":"54,473.64"},{"v":190657.74,"d":"190,657.74"}]
["9",null,"ОРГАНИЗАЦИЯ  ДОРОЖНОГО  ДВИЖЕНИЯ",{"$nulls":3},{"v":1888.21,"d":"1,888.21"}]
["9.1.","1-я фаза, 2-ой этап","Устройство продольной разметки 392м2, устройство поперечной разметки 362м2, установка знаков 176 шт.","км",{"v":2.7,"d":"2.70"},243.64,657.83]
[null,"1-я фаза, 3-ий этап",null,"км",{"v":0,"d":"0.00"},243.64,{"v":0,"d":"0.00"}]
[null,"1-я фаза, 4-ый этап",null,"км",{"v":0,"d":"0.00"},243.64,{"v":0,"d":"0.00"}]
["9.2.","1-я фаза, 9-ый этап","Устройство продольной разметки 733м2, устройство поперечной разметки 677м2, установка знаков 329 шт.","км",{"v":1.6,"d":"1.60"},243.64,389.82]
[{"$nulls":5},243.64,{"v":0,"d":"0.00"}]
["9.3.","9-ый",null,"км",3.45,243.64,840.56]
["10",null,"ДЕНДРОЛОГИЯ",{"$nulls":3},{"v":12300.69,"d":"12,300.69"}]
["10.1.","2-ой","Вырубка (1053 дерева и 986 кустарников, в том числе : сохранить 525 дерева и 1 кустарник, вырубить 528 деревьев и 985 куст. (367 дерева - за компенсацию). Устройство газонов 20050м2, устройство откосов 8120м2. Расчёт без учёта компенсационной стоимости за зелёные насаждения).","шт",{"v":1513,"d":"1,513.00"},8.13,{"v":12300.69,"d":"12,300.69"}]
["11",null,"КОЛЛЕКТОР",{"$nulls":3},{"v":134703,"d":"134,703.00"}]
["11.1","9-ый этап","Устройство коллектора кабельного проходного прямоугольного 2,3х2,1 м (в том числе оборудование)","м",{"v":900,"d":"900.00"},149.67,{"v":134703,"d":"134,703.00"}]
[]
[null,null,"ИТОГО:",{"$nulls":3},{"v":1572004.51,"d":"1,572,004.51"}]
[null,null,"Временные здания и сооружения 1,5%                                  (1572004,51-19657,73 (об))",{"$nulls":3},{"v":23285.2,"d":"23,285.20"}]
[null,null,"ИТОГО:",{"$nulls":3},{"v":1595289.71,"d":"1,595,289.71"}]
[null,null,"Зимнее удорожание 1,5% (1595289,71-19657,73 (об))",{"$nulls":3},{"v":23634.48,"d":"23,634.48"}]
[null,null,"Страхование объекта 1% (1595289,71-19657,73 (об))",{"$nulls":3},{"v":15756.32,"d":"15,756.32"}]
[null,null,"Пуско-наладочные работы",{"$nulls":3},{"v":10746.06,"d":"10,746.06"}]
[null,null,"ВСЕГО:",{"$nulls":3},{"v":1645426.57,"d":"1,645,426.570"}]
[]
["Примечания: \n - Расценки начальной (максимальной) цены даны справочно. \n - Расценки Участника Процедуры закупки не должны превышать соответствующие расценки начальной (максимальной) цены.\n - Для оценки критерия \"Обоснование (качество) расчёта стоимости с графиком финансирования\" Участник Процедуры закупки должен приложить сметные расчеты стоимости по каждому пункту данной таблицы.",{"$nulls":17},"\n\n\n\n"]
[]
[null,"______________(должность)",{"$nulls":10},"Главный Бухгалтер:"]
[]
[null,"________________________",{"$nulls":10},"________________________"]
[]
[null,"«___» ______________ 20__ г.",{"$nulls":10},"«___» ______________ 20__ г."]
[null,"М.П.",{"$nulls":10},"М.П."]

{"sheet":"Лист1","index":1,"n_rows":0,"n_cols":0,"rows_kept":0}